000 00450nam a2200193Ia 4500
005 20251020182546.0
008 200515s9999 xx 000 0 und d
082 _a747:728.71/H99/2
110 _aEdiciones Hymsa
245 0 _aDecoración : Teoría Práctica : La sala de estar
260 _aBarcelona
260 _cs. a.
300 _a64
500 _a1 ejemplar
650 _aDECORACION
650 _aLIB
650 _aSALAS
942 _cLIB
999 _c2559
_d2559